00000000nam##2200000za#4500
0019.686006
003CaOODSP
00520210624230336
007cr |||||||||||
008150407|1998||||xxc|||||o    f|0| 0 eng|d
040 |aCaOODSP|beng
043 |an-cn---
0861 |aF2-148/1998E-IN
1101 |aCanada. |bDepartment of Finance.
24510|aDemutualization regime for Canadian life insurance companies : |h[electronic resource]|bconsultation paper
260 |aOttawa - Ontario : |bFinance Canada |c1998.
300 |a40p. (115 KB)
500 |a"Demutualization is a process by which a mutual company converts to a stock company. The resulting more flexible corporate structure should serve to improve the company's competitiveness and efficiency and provide greater opportunities to expand its lines of business, invest in new technologies, increase market penetration, and fund new acquisitions."--Preface.
5203 |aDemutualization is a process by which a mutual company converts to a stock company. The resulting more flexible corporate structure should serve to improve the company's competitiveness and efficiency and provide greater opportunities to expand its lines of business, invest in new technologies, increase market penetration, and fund new acquisitions.--Preface
590 |a01-06|b2001-02-09
69007|aMutual insurance companies|2gcpds
69007|aLife insurance|2gcpds
69007|aCompetitiveness|2gcpds
77508|tRégime de démutualisation des mutuelles d'assurance-vie canadiennes : |w(CaOODSP)9.630575
85640|ahttp://publications.gc.ca|qPDF|s115 KB|uhttps://publications.gc.ca/collections/Collection/F2-148-1998E.pdf